Państwa leżące nad Zatoką Gwinejską. - Statystyki

Ogólne statystyki
  • Ten quiz został rozwiązany 27 razy
  • Średni wynik to 9 z 10
Statystyki odpowiedzi
Odpowiedź % Poprawnych
3. Ghana
100%
4. Gwinea Równikowa
96%
5. Kamerun
96%
8. Togo
96%
2. Gabon
92%
6. Liberia
92%
9. Wybrzeże Kości Słoniowej
92%
1. Benin
88%
7. Nigeria
88%
10. Wyspy Świętego Tomasza i Książęca
69%
Nie znaleziono quizów pasujących do podanych kryteriów
Rozkład punktacji
Procent ludzi z każdym wynikiem
Percentyl według liczby udzielonych odpowiedzi
Twoja historia wyników
Nie rozwiązałeś tego quizu